000 00660nam a2200193 a 4500
005 20140412111303.0
008 030415s19uu xx 00 eng d
020 _a971-508-039-1
050 _aFil E
_bAm1 1999
100 _aTobias, Mary Ann Manalang
245 _aAmor (or, the Bat who thought she was an owl) /
_cMary Ann Manalang Tobias.
260 _aQuezon City, Philippines :
_bAklat Adarna,
_c1999.
300 _a1 v. (unp.) ; ill.
440 _aAdarna Karanasan
520 _aHer father is an owl. Her mother is an owl. Is there any reason to think she ISN'T an owl?
650 _aBats--Fiction
650 _aOrphans--Fiction
999 _c103505
_d103505